000 00351nam a2200133Ia 4500
008 240624s9999 xx 000 0 und d
041 _aeng
082 _a338.433 REI
100 _aREINHARDT UWE E
245 _aPRICED OUT THE ECONOMIC AND ETHICAL COST
260 _c2019
_aNew Jersey
_bPrinceton University Press
300 _a201 p.
365 _c
_b33
999 _c32723
_d32723